西日本の市 - Statistics

General Stats
  • This quiz has been taken 94 times
  • The average score is 154 of 332
Answer Stats
Hint Answer % Correct
津市
98%
滋賀県 大津市
92%
三重県 四日市市
90%
奈良県 奈良市
90%
伊勢市
85%
和歌山県 和歌山市
85%
大阪府 大阪市
83%
松阪市
80%
鈴鹿市
78%
東大阪市
78%
桑名市
77%
橿原市
77%
兵庫県 神戸市
77%
尾鷲市
75%
京都府 京都市
75%
伊賀市
73%
草津市
73%
彦根市
73%
近江八幡市
73%
姫路市
73%
米原市
72%
堺市
72%
亀山市
70%
長浜市
70%
志摩市
68%
田辺市
68%
新宮市
68%
吹田市
68%
鳥取県 鳥取市
68%
島根県 松江市
68%
岡山県 岡山市
68%
山口市
68%
鳥羽市
67%
紀の川市
67%
尼崎市
67%
広島県 広島市
67%
山口県 下関市
67%
生駒市
65%
宇治市
65%
西宮市
65%
倉敷市
65%
香川県 高松市
65%
徳島県 徳島市
65%
名張市
63%
東近江市
63%
高島市
63%
御坊市
63%
枚方市
63%
愛媛県 松山市
63%
福岡県 福岡市
63%
佐賀県 佐賀市
63%
長崎県 長崎市
63%
守山市
62%
橋本市
62%
大和郡山市
62%
長岡京市
62%
明石市
62%
出雲市
62%
高知県 高知市
62%
熊野市
60%
甲賀市
60%
海南市
60%
福知山市
60%
豊中市
60%
高槻市
60%
泉佐野市
60%
加古川市
60%
米子市
60%
福山市
60%
大分県 大分市
60%
舞鶴市
58%
赤穂市
58%
東広島市
58%
呉市
58%
北九州市
58%
佐世保市
58%
いなべ市
57%
野洲市
57%
亀岡市
57%
寝屋川市
57%
和泉市
57%
河内長野市
57%
境港市
57%
新見市
57%
尾道市
57%
熊本県 熊本市
57%
宮崎県 宮崎市
57%
鹿児島県 鹿児島市
57%
沖縄市 那覇市
57%
有田市
55%
池田市
55%
八尾市
55%
宝塚市
55%
相生市
55%
倉吉市
55%
岩国市
55%
鳴門市
55%
久留米市
55%
鳥栖市
55%
栗東市
53%
京丹後市
53%
岸和田市
53%
天理市
52%
桜井市
52%
茨木市
52%
門真市
52%
阪南市
52%
箕面市
52%
芦屋市
52%
伊丹市
52%
豊岡市
52%
浜田市
52%
津山市
52%
三原市
52%
宇部市
52%
さぬき市
52%
今治市
52%
四国中央市
52%
宇和島市
52%
四万十市
52%
日南市
52%
沖縄市
52%
湖南市
50%
大和高田市
50%
京田辺市
50%
柏原市
50%
益田市
50%
高梁市
50%
廿日市市
50%
萩市
50%
丸亀市
50%
伊予市
50%
別府市
50%
岩出市
48%
泉南市
48%
羽曳野市
48%
山陽小野田市
48%
三好市
48%
大村市
48%
五島市
48%
都城市
48%
日向市
48%
御所市
47%
木津川市
47%
綾部市
47%
宮津市
47%
南丹市
47%
交野市
47%
守口市
47%
泉大津市
47%
丹波市
47%
丹波篠山市
47%
淡路市
47%
大田市
47%
三次市
47%
周南市
47%
土佐清水市
47%
武雄市
47%
諫早市
47%
八代市
47%
天草市
47%
四條畷市
45%
高石市
45%
大阪狭山市
45%
三田市
45%
加西市
45%
養父市
45%
江津市
45%
玉野市
45%
瀬戸内市
45%
防府市
45%
観音寺市
45%
土佐市
45%
唐津市
45%
島原市
45%
対馬市
45%
宇陀市
43%
向日市
43%
加東市
43%
三木市
43%
宍粟市
43%
長門市
43%
光市
43%
東かがわ市
43%
新居浜市
43%
西条市
43%
伊万里市
43%
嬉野市
43%
水俣市
43%
延岡市
43%
霧島市
43%
香芝市
42%
摂津市
42%
川西市
42%
高砂市
42%
朝来市
42%
洲本市
42%
南あわじ市
42%
総社市
42%
備前市
42%
安芸高田市
42%
柳井市
42%
坂出市
42%
阿南市
42%
南国市
42%
大牟田市
42%
壱岐市
42%
玉名市
42%
薩摩川内市
42%
城陽市
40%
大東市
40%
藤井寺市
40%
貝塚市
40%
たつの市
40%
安来市
40%
府中市
40%
小松島市
40%
宿毛市
40%
太宰府市
40%
平戸市
40%
阿蘇市
40%
奄美市
40%
石垣市
40%
松原市
40%
八幡市
38%
西脇市
38%
雲南市
38%
庄原市
38%
大竹市
38%
三豊市
38%
善通寺市
38%
八幡浜市
38%
雲仙市
38%
佐伯市
38%
日田市
38%
宮古島市
38%
美作市
37%
竹原市
37%
吉野川市
37%
糸島市
37%
菊池市
37%
名護市
37%
小野市
35%
笠岡市
35%
赤磐市
35%
江田島市
35%
美祢市
35%
安芸市
35%
行橋市
35%
南島原市
35%
人吉市
35%
小林市
35%
鹿屋市
35%
出水市
35%
指宿市
35%
枕崎市
35%
糸満市
35%
浅口市
33%
東温市
33%
大洲市
33%
阿波市
33%
美馬市
33%
須崎市
33%
飯塚市
33%
鹿島市
33%
豊後大野市
33%
うるま市
33%
葛城市
32%
下松市
32%
西予市
32%
香美市
32%
宗像市
32%
豊前市
32%
大川市
32%
由布市
32%
宇佐市
32%
えびの市
32%
いちき串木野市
32%
室戸市
30%
筑後市
30%
柳川市
30%
八女市
30%
大野城市
30%
うきは市
30%
直方市
30%
多久市
30%
中津市
30%
国東市
30%
上天草市
30%
宇城市
30%
宇土市
30%
南九州市
30%
井原市
28%
荒尾市
28%
志布志市
28%
香南市
27%
福津市
27%
臼杵市
27%
豊後高田市
27%
竹田市
27%
姶良市
27%
南さつま市
27%
浦添市
27%
宜野湾市
27%
春日市
25%
古賀市
25%
田川市
25%
小城市
25%
神埼市
25%
西海市
25%
杵築市
25%
西都市
23%
豊見城市
23%
朝倉市
22%
津久見市
22%
山鹿市
22%
阿久根市
22%
西之表市
22%
小郡市
20%
筑紫野市
20%
串間市
20%
曽於市
20%
宮若市
18%
中間市
18%
嘉麻市
18%
合志市
18%
みやま市
17%
伊佐市
17%
垂水市
17%
南城市
17%
那珂川市
15%
日置市
15%
No matching quizzes found
Score Distribution
Percent of People with Each Score
Percentile by Number Answered
Your Score History
You have not taken this quiz